| 000 | 00000nam##2200000za#4500 |
| 001 | 9.571754 |
| 003 | CaOODSP |
| 005 | 20210624182900 |
| 007 | cr ||||||||||| |
| 008 | 150406|2000||||xxc|||||o f|0| 0 eng|d |
| 040 | |aCaOODSP|beng |
| 043 | |an-cn--- |
| 086 | 1 |aNH18-23/75E-PDF |
| 110 | 2 |aCanada Mortgage and Housing Corporation. |
| 245 | 10|aLearning from suburbia : |h[electronic resource]|bresidential street pattern design |
| 260 | |aOttawa - Ontario : |bCanada Mortgage and Housing Corporation |c[2000]. |
| 300 | |a6p.|bfigs. |
| 490 | 1 |aResearch highlight. Socio-economic series|v75 |
| 590 | |a11-23-Supp|b2011-10-17 |
| 690 | 07|aUrban planning|2gcpds |
| 690 | 07|aUrban communities|2gcpds |
| 775 | 08|tLeçons à tirer des banlieues : |w(CaOODSP)9.602181 |
| 776 | 0#|tLearning from suburbia : |w(CaOODSP)9.615512 |
| 830 | #0|aResearch highlight. Socio-economic series ;|v75|w(CaOODSP)9.505168 |
| 856 | 40|ahttp://publications.gc.ca|qPDF|s390 KB|uhttps://publications.gc.ca/collections/Collection/NH18-23-75E.pdf|y75 |